000 00872cab a22001935a 4500
001 L150502
008 100721e20100515xxk 000 0 eng d
035 _a(Sirsi) u150502
041 0 _aeng
100 1 _aSmith, Melanie
245 0 0 _aSomerset, Devon and Cornwall
260 _c2010
490 _aEstates Gazette
_v(1019) 15 May 2010, 85-99(10)
520 _aFeatures developments in Exeter which include the £210m Skypark Business Park scheme and the Lands Securities regeneration of two major sites in Exeter City Centre. Also looks at Plymouth which is bracing itself for the effects of public sector cutbacks but is still continuing with projects such as Urban Splash which is regenerating the Royal William Yard and the English Cities Fund's Millbay project.
590 _aKA
651 4 _aSouth West (England)
_y1994-
700 1 _aThame, David
942 _n0
999 _c82532
_d82532